German words A1.1 (Lektion 19) - Statistics

General Stats
  • This quiz has been taken 7 times
  • The average score is 14 of 25
Answer Stats
In German In English % Correct
Freundlich/unfrieundlich Friendly/unfriendly
100%
Grau Gray
100%
Bäckerei die, -en Bakery
83%
Blond Blonde
83%
Haar das, -e Hair
83%
Laut Loud
83%
Traurig Sad
83%
Bart der, -e Beard
67%
Komisch Funny, comical
67%
Glücklich/unglücklich Lucky/unlucky
67%
Hübsch Pretty
67%
Dick Thick
67%
Dünn Thin
67%
Geboren (To be) born
67%
Vergessen (To) forget
67%
Gleich Even, equal, same
50%
Glatt Smooth
50%
Sympathisch Nice, pleasant
33%
Ledig Single, unmarried
33%
Schlank Slim
33%
Erkennen (To) recognize
33%
Seltsam Odd, strange
17%
Beschweren (To) complain
17%
Fröhlich Cheerful
0%
Hausfrau die, -en Hausewife
0%
No matching quizzes found
Score Distribution
Percent of People with Each Score
Percentile by Number Answered
Your Score History
You have not taken this quiz